Online katalóg knižníc regiónu Turca

Ilúzie, alebo, Príbeh váhavého mesiáša (Record no. 21970)

MARC details
000 -LEADER
fixed length control field 01025nam a2200325 a 4500
001 - CONTROL NUMBER
control field 21970
003 - CONTROL NUMBER IDENTIFIER
control field VRT
005 - DATE AND TIME OF LATEST TRANSACTION
control field 20260317073403.0
008 - FIXED-LENGTH DATA ELEMENTS--GENERAL INFORMATION
fixed length control field 990908s1999 xo a 000 j slo c
020 ## - INTERNATIONAL STANDARD BOOK NUMBER
International Standard Book Number 8080610770 (viaz.)
035 ## - SYSTEM CONTROL NUMBER
System control number UKB000244299
040 ## - CATALOGING SOURCE
Original cataloging agency BAA001
Language of cataloging slo
Transcribing agency BAA001
Description conventions AACR2
041 1# - LANGUAGE CODE
Language code of text/sound track or separate title slo
Language code of original eng
044 ## - COUNTRY OF PUBLISHING/PRODUCING ENTITY CODE
MARC country code xo
ISO country code SK
080 ## - UNIVERSAL DECIMAL CLASSIFICATION NUMBER
Universal Decimal Classification number 820-32
100 1# - MAIN ENTRY--PERSONAL NAME
Personal name Bach, Richard,
Dates associated with a name 1936-
245 00 - TITLE STATEMENT
Title Ilúzie, alebo, Príbeh váhavého mesiáša
Statement of responsibility, etc. Richard Bach ; [z angl. orig. prel. Eva Vohlídková]
250 ## - EDITION STATEMENT
Edition statement 1. vyd
260 ## - PUBLICATION, DISTRIBUTION, ETC.
Place of publication, distribution, etc. Bratislava
Name of publisher, distributor, etc. Vydav. Spolku slov. spis.
Date of publication, distribution, etc. 1999
300 ## - PHYSICAL DESCRIPTION
Extent 102, [1] s
650 07 - SUBJECT ADDED ENTRY--TOPICAL TERM
Topical term or geographic name entry element literatúra anglická
General subdivision poviedky
650 07 - SUBJECT ADDED ENTRY--TOPICAL TERM
Topical term or geographic name entry element poviedky
General subdivision literatúra anglická
653 ## - INDEX TERM--UNCONTROLLED
Uncontrolled term 820-32
700 1# - ADDED ENTRY--PERSONAL NAME
Personal name Vohlídková, Eva
Relationship trl
765 0# - ORIGINAL LANGUAGE ENTRY
Title Illusions - the adventures of a reluctant Messiah
Main entry heading Bach, Richard, 1936-
910 ## - USER-OPTION DATA (OCLC)
User-option data ukb
942 ## - ADDED ENTRY ELEMENTS (KOHA)
Source of classification or shelving scheme Dewey Decimal Classification
Koha item type Krásna literatúra pre dospelých
Suppress in OPAC No
949 ## - LOCAL PROCESSING INFORMATION (OCLC)
6 1800055533
a SL.D.33200
b PV.5373-99
949 ## - LOCAL PROCESSING INFORMATION (OCLC)
6 1800055534
a SK.D.03388
b PV.5374-99
s 6707:20060716
Holdings
Stav vyradenia Strata Poškodenie Spôsob nadobudnutia Domovská knižnica Aktuálna knižnica Dátum nadobudnutia Total checkouts Čiarový kód exemplára Date last seen Typ exemplára
      Dar Obecná knižnica Turčianska Štiavnička Obecná knižnica Turčianska Štiavnička 17.03.2026   4738000424 17.03.2026 Krásna literatúra pre dospelých
Projekt je podporený Slovenskou asociáciou knižníc
Prevádzkuje Turčianska knižnica Martin 2026